Finančná analýza vybraných podnikov v odvetví služieb bakalárska práca

Uložené v:
Podrobná bibliografia
Hlavný autor: Bielik, Peter
Korporativný autor: Národohospodárska fakulta EU. Katedra financií
Ďalší autori: Alexy, Martin, 1976-
Médium: Kniha
Jazyk:Slovak
Vydavateľské údaje: Bratislava 2020
Tagy: Pridať tag
Žiadne tagy, Buďte prvý, kto otaguje tento záznam!

MARC

LEADER 00000nbm a2200000 4500
001 0265607
005 20220204110952.9
041 0 |a slo 
044 |a SK 
245 1 0 |a Finančná analýza vybraných podnikov v odvetví služieb  |b bakalárska práca  |c Peter Bielik ; školiteľ: Martin Alexy 
264 1 |a Bratislava  |c 2020 
300 |a 43 s. 
100 1 |a Bielik, Peter 
700 1 |a Alexy, Martin, 1976- 
710 2 |a Národohospodárska fakulta EU. Katedra financií